Normal view
MARC view
Entry Topical Term
001 - CONTROL NUMBER
- control field: 67998
003 - CONTROL NUMBER IDENTIFIER
- control field:
005 - DATE AND TIME OF LATEST TRANSACTION
- control field: 20251015143703.0
008 - FIXED-LENGTH DATA ELEMENTS
- fixed length control field: 251015|| aca||aabn | a|a d
040 ## - CATALOGING SOURCE
- Original cataloging agency:
- Transcribing agency:
150 ## - HEADING--TOPICAL TERM
- Topical term or geographic name entry element: Micro computer
670 ## - SOURCE DATA FOUND
- Source citation: Work cat.: ()33404: SULE, Mohammed A. aut 67997, Foundations of computer hardware :, 2022.
